000 00341nam a22001337a 4500
005 20240708125630.0
008 240708b |||||||| |||| 00| 0 eng d
020 _a978-81-7110-370-7
041 _aeng
100 _aSHARMA, SURAJ NARAIN AND SHARMA, ANITA
_98453
245 _aSCIENCE AND ART OF HAPPY LIVING
300 _a296; P
942 _cBK
999 _c8571
_d8569